000 00272nam a2200109Ia 4500
008 200302s9999 xx 000 0 und d
100 _aMargot K.Krasojevic
245 _aSpatial Pathology Floating Realities
260 _bSpringer Wien, NY
260 _c2007
300 _a111 P
999 _c4853
_d4853